000 01419nam a2200361 a 4500
001 000037836
003 DO-SdBNP
005 20260202091015.0
007 ta
008 130306s2003 dr 000 0 spa d
020 _a9993403709
040 _aDO-SdBNP
_bspa
_cBNPHU
082 4 _a158.2
_bG324r
_222
100 1 _aGenao, María del Carmen
_91634
245 1 0 _aRelaciones humanas /
_cMaría del Carmen Genao, Ana Pérez, Rosa Castro.
260 _aSanto Domingo :
_bUniversidad APEC ,
_c2003.
300 _a175 p. ;
_c22 cm.
500 _aIncluye datos biográficos de las autoras en las solapas
504 _aBibliografía : p. 173-175
505 0 _aIntroducción --
_tLas relaciones humanas --
_tLa personalidad --
_tLa comunicación --
_tLos grupos sociales --
_tLiderazgo --
_tLos valores --
_tLas decisiones --
_gEpílogo:
_tLa parábola del águila --
_tLibros de autoayuda y de reflexión recomendados por las autoras.
590 _aInventariado, 2018/MFF
650 0 _aRelaciones humanas
_9606
650 0 _aPersonalidad
_9395
650 0 _aGrupos sociales
_91635
650 0 _aInteracción social
_91636
650 4 _aLiderazgo
_9115
650 0 _aValores (Filosofía)
_9604
700 1 _aPérez, Ana
_91637
700 1 _aCastro, Rosa
_91638
710 2 _aUniversidad Acción Pro Educación y Cultura (República Dominicana)
_91639
910 _aValidado. Control de calidad EMS
942 _2ddc
_cLBS1
999 _c37326
_d37326